000 00993cam a2200301 4500
001 3240594
003 NUST
005 20210215114208.0
008 710120s1969 bcc b 001 0 eng
010 _a 79529216
020 _a0582780071
038 _aArshad
040 _aDLC
_cDLC
_dDLC
043 _aa-pk---
050 0 0 _aJQ543 1959
_b.C522
082 0 0 _a342.54909
_bCHO
100 1 _aChoudhury, G. W.
_q(Golam Wahed),
_d1926-1997.
_925136
245 1 0 _aConstitutional development in Pakistan
_c[by] G. W. Choudhury.
250 _a2d ed. rev. and enl.
260 _aVancouver,
_bPublications Centre, University of British Columbia,
_c1969.
300 _aix, 277 p.
_c23 cm.
504 _aBibliography: p. 256-260.
610 1 0 _aPakistan.
_bConstituent Assembly (1947-1954)
_91194
610 1 0 _aPakistan.
_bConstituent Assembly (Legislature)
_91193
651 0 _aPakistan
_xPolitics and government.
_9206
906 _a7
_bcbc
_corignew
_d4
_encip
_f19
_gy-gencatlg
942 _2ddc
_cBK
999 _c541275
_d541275